Central Library OPAC University of Rajshahi
Normal view MARC view

Entry Personal Name

Number of records used in: 2

001 - CONTROL NUMBER

  • control field: 15455

003 - CONTROL NUMBER IDENTIFIER

  • control field: BD-RjUL

005 - DATE AND TIME OF LATEST TRANSACTION

  • control field: 20250513141413.0

008 - FIXED-LENGTH DATA ELEMENTS

  • fixed length control field: 250513|| aca||aabn | a|a d

040 ## - CATALOGING SOURCE

  • Original cataloging agency: BD-RjUL
  • Transcribing agency: BD-RjUL

100 ## - HEADING--PERSONAL NAME

  • Personal name: K̲h̲ān̲, Mīr Aḥmaduddīn ʻAlī,
  • Dates associated with a name: 1938-

670 ## - SOURCE DATA FOUND

  • Source citation: Work cat.: (BD-RjUL)84922: K̲h̲ān̲, Mīr Aḥmaduddīn ʻAlī, 1938-, عہد عثمانى میں اردو خدمات / ʻAhd-i ʻUsmānī men̲ Urdū k̲h̲idmāt, 1979.